Obchod v čase pandémie
Nové podmienky obchodu v čase pandémie. Dôraz na bezpečnosť klientov. Zmena klientely, úprava cenovej politiky. Zmeny v zamestnávaní a práci manažétov, možné východiská v situácií.
Salvato in:
| Autore principale: | |
|---|---|
| Natura: | Capitolo di libro |
| Lingua: | slovacco |
| Soggetti: | |
| Tags: |
Nessun Tag, puoi essere il primo ad aggiungerne!!
|
MARC
| LEADER | 00000naa a2200000 4500 | ||
|---|---|---|---|
| 001 | 0272698 | ||
| 005 | 20210324154908.0 | ||
| 041 | 0 | |a slo | |
| 044 | |a SK | ||
| 245 | 1 | 0 | |a Obchod v čase pandémie |c Iveta Pupišová |
| 520 | |a Nové podmienky obchodu v čase pandémie. Dôraz na bezpečnosť klientov. Zmena klientely, úprava cenovej politiky. Zmeny v zamestnávaní a práci manažétov, možné východiská v situácií. | ||
| 610 | 2 | 0 | |a obchod |
| 610 | 2 | 0 | |a zamestnanci |
| 610 | 2 | 0 | |a zamestnávatelia |
| 610 | 2 | 0 | |a bezpečnosť |
| 610 | 2 | 0 | |a klienti |
| 610 | 2 | 0 | |a hotelierstvo |
| 610 | 2 | 0 | |a pandémia |
| 610 | 2 | 0 | |a koronavírus |
| 100 | 1 | |a Pupišová, Iveta | |